=LDR 00000nam 2200000 4500 =001 INLIS000000000037205 =005 20141222110808.0 =006 =007 =008 Ind =035 ##$$0010-061300000037205 =041 ##$$a Ind =082 ##$$a 808.9 =090 ##$$a 808.9, Asy c =100 ##$$a Asy-Syifa, Linda =245 ##$$a Cermin hati jujur, Linda Asy-Syifa dan Enno El-Khairity =260 ##$$a 2009 $b Jakarta =300 ##$$a 128 hlm, 21 cm =650 ##$$a El-Khairity, Enno =850 ##$$a NBPNMAT =990 ##$$a 21195653/BPAP-NTB/2014 =990 ##$$a 21197056/BPAP-NTB/2014 =990 ##$$a 0001/BPAP-NTB/20142014 =990 ##$$a 0001/BPAP-NTB/2015 =990 ##$$a 0001/BPAP-NTB/2015 =990 ##$$a 0001/BPAP-NTB/2016 =990 ##$$a 0001/BPAP-NTB/2016